Manual de divulgación de las lenguas indígenas de Colombia (Record no. 60366)

MARC details
000 -LEADER
campo de control de longitud fija 01203nac a2200265 a 4500
003 - IDENTIFICADOR DE NÚMERO DE CONTROL
campo de control Co-PeBPM
005 - FECHA Y HORA DE LA ÚLTIMA TRANSACCIÓN
campo de control 20241121013038.0
007 - CAMPO FIJO DE DESCRIPCIÓN FÍSICA--INFORMACIÓN GENERAL
campo de control de longitud fija ta
008 - DATOS DE LONGITUD FIJA--INFORMACIÓN GENERAL
campo de control de longitud fija 241121s2011 ck |||| |||| 00| 0 spa d
020 ## - NÚMERO INTERNACIONAL ESTÁNDAR DEL LIBRO
Número Internacional Estándar del Libro 9789586112611
040 ## - FUENTE DE CATALOGACIÓN
Centro catalogador/agencia de origen Co-PeBPM
Lengua de catalogación spa
Centro/agencia transcriptor Co-PeBPM
Normas de descripción rda
041 ## - CÓDIGO DE IDIOMA
Código de lengua del texto/banda sonora o título independiente spa
082 04 - NÚMERO DE LA CLASIFICACIÓN DECIMAL DEWEY
Número de clasificación 498 G643m
Número de edición 22
245 10 - MENCIÓN DEL TÍTULO
Título Manual de divulgación de las lenguas indígenas de Colombia
Mención de responsabilidad, etc. / María Stella González de Pérez ; presentación de Belisario Betancur
260 ## - PUBLICACIÓN, DISTRIBUCIÓN, ETC.
Lugar de publicación, distribución, etc. Bogotá, Colombia
Nombre del editor, distribuidor, etc. : Instituto Caro y Cuervo
Fecha de publicación, distribución, etc. ,2011
300 ## - DESCRIPCIÓN FÍSICA
Extensión 208 páginas
Otras características físicas [8] h. de láminas, fotos + 1CD
Dimensiones 20 centímetros
490 ## - MENCIÓN DE SERIE
Mención de serie Publicaciones del Instituto Caro y Cuervo. Series Minor
Designación de volumen o secuencia 45
500 ## - NOTA GENERAL
Nota general Incluye índices
500 ## - NOTA GENERAL
Nota general Publicación donada por el Ministerio de Cultura, Plan Nacional de Lectura y Escritura, Leer es mi cuento 2015<br/>El libro incluye CD con una muestra sonora de las lenguas indígenas de Colombia; Bora, kamtsá y Pisamira
504 ## - NOTA DE BIBLIOGRAFÍA, ETC.
Nota de bibliografía, etc. Incluye referencias bibliográficas
650 14 - PUNTO DE ACCESO ADICIONAL DE MATERIA--TÉRMINO DE MATERIA
Término de materia o nombre geográfico como elemento de entrada Lenguas indígenas - Gramática
Fuente del encabezamiento o término LEMB
Subdivisión geográfica Colombia
650 14 - PUNTO DE ACCESO ADICIONAL DE MATERIA--TÉRMINO DE MATERIA
Término de materia o nombre geográfico como elemento de entrada Lenguas indígenas - Historia
Fuente del encabezamiento o término LEMB
Subdivisión geográfica Colombia
700 ## - ENTRADA AGREGADA--NOMBRE PERSONAL
Nombre de persona Betancur, Belisario
Término indicativo de función/relación presentación
942 ## - ELEMENTOS DE ENTRADA SECUNDARIOS (KOHA)
Fuente del sistema de clasificación o colocación Clasificación Decimal Dewey
Tipo de ítem Koha Libros
Suprimir en OPAC No
Holdings
Estatus retirado Estado de pérdida Fuente del sistema de clasificación o colocación Estado de daño No para préstamo Biblioteca de origen Biblioteca actual Fecha de adquisición Fuente de adquisición Total de préstamos Signatura topográfica completa Código de barras Visto por última vez Copia número Precio de reemplazo Tipo de ítem Koha
    Clasificación Decimal Dewey     BIBLIOTECA SAN JOAQUIN BIBLIOTECA SAN JOAQUIN 20/11/2022 Donación   498 G643m 60660 21/11/2024 Ej.1 21/11/2024 Libros

Powered by Koha